000 00627nam a2200229Ia 4500
003 GCL
008 140319s9999 xx 000 0 ara d
040 _aGCL /
_cGCL
082 0 4 _a910.133
_bا ج
100 1 _aاحمد حبيب رسول
245 1 0 _aجغرافية الصناعة /
_cاحمد حبيب رسول
300 _a398 ص
490 _a
650 0 4 _aالبترول
650 0 4 _aالجغرافيا الاقتصادية
650 0 4 _aالطاقة
650 0 4 _aالصناعات
650 0 4 _aالحديد والصلب
650 0 4 _aالغاز الطبيعى
650 0 4 _aالفحم
942 _2ddc
_cBK
999 _c39534
_d39534